000 00856cam a2200253 4500
008 000000n1999 000 0 eng u
035 _a(Sirsi) u100256
245 _aOffice parks
260 _c1999
490 _aFinancial Times
_v1 October 1999, 31-33(2) LOAN
520 _aA Financial Times survey on the subject of office parks, looking at their spread into Europe, transportation, staffing issues and management services.
650 _aOFFICES
650 _aTRANSPORTATION
650 _aOFFICE PARKS
650 _aWORKFORCE
650 _aSTAFFING
650 _aProperty management
_96262
650 _aSERVICES
650 _aRefurbishment
_96264
650 _aCAR USE
650 _aPROPERTY-COMMERCIAL PROPERTY-OFFICE PROPERTY-OFFICE PROPERTY MARKET
690 _aPROPERTY-COMMERCIAL PROPERTY-COMMERCIAL PROPERTY MARKET
942 _n0
999 _c60036
_d60036